Christianity for the twenty-first century: the life and work of Alexander Men

Saved in:  
Bibliographic Details
Subtitles:Christianity for the twenty-first century
Main Author: Menʹ, Aleksandr Vladimirovič 1935-1990 (Author)
Contributors: Roberts, Elizabeth (Editor) ; Shukman, Ann 1975- (Editor)
Format: Print Book
Language:English
Subito Delivery Service: Order now.
Check availability: HBZ Gateway
WorldCat: WorldCat
Interlibrary Loan:Interlibrary Loan for the Fachinformationsdienste (Specialized Information Services in Germany)
Published: London SCM Press 1996
In:Year: 1996
Standardized Subjects / Keyword chains:B Christianity
B Russisch-Orthodoxe Kirche
B Menʹ, Aleksandr Vladimirovič 1935-1990
Further subjects:B Orthodox Eastern Church Russia Federation
B Theology
B Collection of essays
B Christianity Forecasting
B Biography
B Russkai︠a︡ pravoslavnai︠a︡ t︠s︡erkov'
B Orthodox Eastern Church Russia (Federation)
B Christianity 20th century

MARC

LEADER 00000cam a2200000 c 4500
001 279289677
003 DE-627
005 20251222213906.0
007 tu
008 990101s1996 xxk||||| 00| ||eng c
016 7 |a b9656703  |2 UK 
020 |a 033402613X  |9 0-334-02613-X 
035 |a (DE-627)279289677 
035 |a (DE-576)054699339 
035 |a (DE-599)GBV279289677 
035 |a (OCoLC)247102996 
035 |a (OCoLC)34577441 
040 |a DE-627  |b ger  |c DE-627  |e rakwb 
041 |a eng 
044 |c XA-GB 
082 0 |a 281.947 
084 |a 1  |2 ssgn 
084 |a 11.57  |2 bkl 
100 1 |0 (DE-588)119129302  |0 (DE-627)079924034  |0 (DE-576)168317869  |4 aut  |a Menʹ, Aleksandr Vladimirovič  |d 1935-1990 
109 |a Menʹ, Aleksandr V. 1935-1990  |a Men, Alexander 1935-1990  |a Aleksandr Protoierej 1935-1990  |a Alexander Father 1935-1990  |a Menʹ, Aleksandr Volʹfovič 1935-1990  |a Alexander Erzpriester 1935-1990  |a Men, Alexander Wladimirowitsch 1935-1990  |a Men', Aleksandr V. 1935-1990  |a Menʹ, Aleksandr Vladimirovič 1935-1990  |a Mien, Aleksander 1935-1990  |a Men', A. V. 1935-1990  |a Men, Alexandre 1935-1990  |a Menʹ, Aleksandr Vladimirovich 1935-1990  |a Bogoljubov, Andrej 1935-1990  |a Menis, Aleksandras 1935-1990  |a Bogoliubov, A. 1935-1990  |a Menis, A. 1935-1990  |a Svetlov, Emmanuil 1935-1990  |a Svetlov, Ėmmanuil 1935-1990  |a Menʹ, Aleksandr 1935-1990 
243 1 0 |a Sammlung 
245 1 0 |a Christianity for the twenty-first century  |b the life and work of Alexander Men  |c ed. by Elizabeth Roberts ... 
246 3 3 |a Christianity for the twenty-first century 
263 |a kart. : £ 12.95 
264 1 |a London  |b SCM Press  |c 1996 
300 |a XII, 226 S 
336 |a Text  |b txt  |2 rdacontent 
337 |a ohne Hilfsmittel zu benutzen  |b n  |2 rdamedia 
338 |a Band  |b nc  |2 rdacarrier 
500 |a Translated from the Russian. - Includes bibliographical references and index 
583 1 |a Archivierung prüfen  |c 20200919  |f DE-640  |z 2  |2 pdager 
583 1 |a Archivierung/Langzeitarchivierung gewährleistet  |f SSG  |x XA-DE-BW  |2 pdager  |5 DE-21 
583 1 |a Archivierung prüfen  |c 20240324  |f DE-4165  |z 1  |2 pdager 
610 2 4 |a Russkai︠a︡ pravoslavnai︠a︡ t︠s︡erkov' 
610 2 4 |a Orthodox Eastern Church  |x Russia  |x Federation 
650 4 |a Orthodox Eastern Church  |x Russia (Federation) 
650 4 |a Theology 
650 4 |a Christianity  |x 20th century 
650 4 |a Christianity  |x Forecasting 
655 7 |a Biografie  |0 (DE-588)4006804-3  |0 (DE-627)104213493  |0 (DE-576)208867147  |2 gnd-content 
655 7 |a Aufsatzsammlung  |0 (DE-588)4143413-4  |0 (DE-627)105605727  |0 (DE-576)209726091  |2 gnd-content 
689 0 0 |d s  |0 (DE-588)4010074-1  |0 (DE-627)104493933  |0 (DE-576)20888579X  |2 gnd  |a Christentum 
689 0 |5 (DE-627) 
689 1 0 |d b  |0 (DE-588)4051042-6  |0 (DE-627)104578025  |0 (DE-576)209090995  |2 gnd  |a Russisch-Orthodoxe Kirche 
689 1 |5 (DE-627) 
689 2 0 |d p  |0 (DE-588)119129302  |0 (DE-627)079924034  |0 (DE-576)168317869  |2 gnd  |a Menʹ, Aleksandr Vladimirovič  |d 1935-1990 
689 2 |5 (DE-627) 
700 1 |e Hrsg.  |0 (DE-588)1114219622  |0 (DE-627)868482668  |0 (DE-576)477263828  |4 edt  |a Roberts, Elizabeth 
700 1 |e Hrsg.  |0 (DE-588)13271521X  |0 (DE-627)525912932  |0 (DE-576)163064733  |4 edt  |a Shukman, Ann  |d 1975- 
889 |w (DE-627)191211338 
935 |a mteo 
935 |i mdedup 
935 |i Blocktest 
936 b k |a 11.57  |j Ostchristentum  |q coli-conc NSK->BK  |q https://coli-conc.gbv.de/api/mappings/e717ca31-36d5-46c5-b590-49f864976fe6  |0 (DE-627)106405144 
951 |a BO 
ACO |a 1 
ELC |b 1 
ITA |a 1  |t 1 
LOK |0 000 xxxxxcx a22 zn 4500 
LOK |0 001 314675472X 
LOK |0 003 DE-627 
LOK |0 004 279289677 
LOK |0 005 19991009000000 
LOK |0 008 970605||||||||||||||||ger||||||| 
LOK |0 040   |a DE-21  |c DE-627  |d DE-21 
LOK |0 852   |a DE-21 
LOK |0 852 1  |c 37 A 8135  |9 00 
LOK |0 935   |a theo 
LOK |0 936ln  |a t4.9 
LOK |0 939   |a 05-06-97  |b l01 
ORI |a SA-MARC-ixtheoa001.raw 
STA 0 0 |a Christianity,Christian world view,World view,Christian ideology 
STB 0 0 |a Christianisme,Christianisme 
STC 0 0 |a Cristianismo,Cristianismo,Cristiandad,Cristiandad,Cristiandad (Motivo),Cristiandad 
STD 0 0 |a Cristianesimo,Cristianesimo 
STE 0 0 |a 基督教,基督教,基督教世界观 
STF 0 0 |a 基督教,基督教,基督教世界觀 
STG 0 0 |a Cristianismo,Cristianismo,Cristandade,Cristandade,Cristandade (Motivo),Cristandade 
STH 0 0 |a Христианство (мотив),Христианство 
STI 0 0 |a Χριστιανισμός (μοτίβο),Χριστιανισμός 
SYG 0 0 |a Christianity,Christliche Mission,Missionierung,Christenheit,Christianitas,Christliche Religion,Christliche Weltanschauung , Russkaja Pravoslavnaja Cerkovʹ,Russische Kirche,Russische Orthodoxe Kirche,Russian Orthodox Church,Église orthodoxe russe,Pravoslavnaja Rossijskaja Cerkovʹ,Russkaya Pravoslavnaya Tserkov,RPC,ROK , Men', A. V.,1935-1990,Men', Aleksandr V.,1935-1990,Men, Alexander Wladimirowitsch,1935-1990,Alexander,Erzpriester,1935-1990,Alexander,Father,1935-1990,Aleksandr,Protoierej,1935-1990,Bogoljubov, Andrej,1935-1990,Men, Alexander,1935-1990,Menʹ, Aleksandr V.,1935-1990,Menʹ, Aleksandr Volʹfovič,1935-1990,Mien, Aleksander,1935-1990,Menʹ, Aleksandr Vladimirovich,1935-1990,Menis, Aleksandras,1935-1990,Menis, A.,1935-1990,Bogoljubov, Andrej,1935-1990,Bogoliubov, A.,1935-1990,Svetlov, Emmanuil,1935-1990,Men, Alexandre,1935-1990,Svetlov, Ėmmanuil,1935-1990,Menʹ, Aleksandr,1935-1990